000 00930nam a2200193Ia 4500
003 Ost
005 20260507075550.0
008 260507s9999||||xx |||||||||||||| ||und||
020 _a9773882391
040 _cfsecg
041 _aara
100 _aملوخية، أحمد فوزي،
_eمؤلف
245 0 _aالإحصاء السياحي والفندقي /
_c أحمد فوزي ملوخية
260 _aالإسكندرية:
_bمركز الإسكندرية للكتاب,
_c2009
300 _a326 صفحة؛
_bإيضاحات ؛
_c24 سم
520 _aيضم المفاهيم الإحصائية، الإحصاءات السياحية والفندقية، حركة السياحة، بعض التحليلات الإحصائية عن الحركة السياحية، الإحصاءات السكانية، الأرقام القياسية.
653 _aالإحصاء - المعاملات الإرتباطية
942 _cكتاب
999 _c44909
_d44909